Visualizzazione normale
Vista MARC
- Celebridades
di Topical Term
Records bibliografici associati: 1
001 - CONTROL NUMBER
- control field: 58864
003 - CONTROL NUMBER IDENTIFIER
- control field: IT-RoINE
005 - DATE AND TIME OF LATEST TRANSACTION
- control field: 20190412090345.0
008 - FIXED-LENGTH DATA ELEMENTS
- fixed length control field: 190412|| aca||aabn | a|a d
040 ## - CATALOGING SOURCE
- Original cataloging agency: IT-RoINE
- Transcribing agency: IT-RoINE
150 ## - HEADING--TOPICAL TERM
- Topical term or geographic name as entry element: Celebridades
- General subdivision: Retratos
670 ## - SOURCE DATA FOUND
- Source citation: Work cat.: (IT-RoINE)0: Gandarias, Sofía, 1951-2016 58863, Homenaje a El Greco /, 2018.